000 01070nam1a22002651i 4500
001 v19\rc\1444693
005 20260407113529.0
035 _a(NLR Aleph) 004586819
090 _a2603855
_c2603855
100 _a20060620d18721890|||y0rusy50 ca
101 0 _arus
102 _aRU
105 _ay z |||||
200 1 _aДоклад Правления Общества взаимного поземельного кредита общему собранию с представлением проекта сметы ...
210 _aСанкт-Петербург
_dценз. 1872-1890
215 _d26
300 _aВ изд. 1879 г. загл. незнач. изменено
710 0 2 _aОбщество взаимного поземельного кредита
_cПетербург
_3RU\NLR\AUTH\889944099
_9383379
801 0 _aRU
_bNLR
_gpsbo
801 0 _aRU
_bRuMoRGB
_2psbo
801 1 _aRU
_bProSoft-M
_2rusmarc
852 _aNLR (1872-1880)
_jШифры разные
899 _aRuMoRGB (1872-1890*)
_jW 65/6
899 _aНБ СПбГУ (1876-1877)
942 _cBOOK